None-Used Daily Trivia Questions #1 - Statistics

General Stats
  • This quiz has been taken 64 times
  • The average score is 5 of 12
Answer Stats
Question Answer % Correct
How many valves do common trumpets have? 3
63%
Who recorded the song "Summer Of '69"? Bryan Adams
60%
What is an Isogram? A word without repeated letters
53%
Where would you find the deepest hole in the world? Russia
47%
Where did James Cook die? Hawaii
44%
Which country has the only country flag in the world showing humans? Belize
42%
In December 1987, the "Doña Paz" sank while carrying passengers around the islands of which country? Phillippines
42%
What is the most dangerous city in Europe? Marseille
37%
In which country is the town of Schengen (gave its name to the Schengen agreement) located? Luxembourg
34%
Which continent has the highest percentage of landlocked countries? Europe
29%
Which country borders the northernmost point of the Adriatic Sea? Italy
21%
Which is the only country in the world that is completely located at least 1,000 metres (3,281 ft) above sea level? Lesotho
11%
No matching quizzes found
Score Distribution
Percent of People with Each Score
Percentile by Number Answered
Your Score History
You have not taken this quiz